El sida: qué es, cómo evitarlo
Kaydedildi:
| Yazar: | |
|---|---|
| Materyal Türü: | Kitap |
| Dil: | İspanyolca |
| Baskı/Yayın Bilgisi: |
Bogotá
San Pablo
1994
|
| Edisyon: | 3a. ed |
| Seri Bilgileri: | Colección defendamos la vida
|
| Konular: | |
| Etiketler: |
Etiketle
Etiket eklenmemiş, İlk siz ekleyin!
|
MARC
| LEADER | 00000nam a2200000 a 4500 | ||
|---|---|---|---|
| 001 | UCP0165 | ||
| 003 | CL-VaPUC | ||
| 008 | 990305e19940000CK |||||||||||||||||spa|d | ||
| 082 | 0 | 4 | |a 616.979 |b WAT |2 21 |
| 100 | 0 | |a Wately Paiva, Marcelo |e author |9 425129 | |
| 245 | 1 | 3 | |a El sida: qué es, cómo evitarlo |
| 250 | |a 3a. ed | ||
| 300 | |a 62 p | ||
| 942 | |c BK | ||
| 945 | |d 19990305 00:00:00 |a aarredon | ||
| 260 | |a Bogotá |b San Pablo |c 1994 | ||
| 650 | 0 | |a SIDA (Síndrome de Inmunodeficiencia Adquirida) |9 256118 | |
| 650 | 7 | |a ENFERMEDADES INMUNOLOGICAS |2 CL-VaPUC |9 307578 | |
| 650 | 7 | |a ENFERMEDADES TRANSMISIBLES |2 CL-VaPUC |9 271158 | |
| 650 | 0 | |a Sistema inmunológico |9 379702 | |
| 650 | 0 | |a Homosexualidad |9 255614 | |
| 583 | |a last modification |c 19990305 00:00:00 |k Rodrigo Vera | ||
| 490 | 0 | |a Colección defendamos la vida | |
| 999 | |c 279007 |d 279005 | ||
| 952 | |0 0 |1 0 |4 0 |6 616_979000000000000_WAT_1994 |7 0 |8 A |9 317868 |a BIBTEO |b BIBTEO |d 2019-11-20 |i 202571K |o 616.979 WAT 1994 |p 202571K |r 2025-01-17 |w 2019-11-20 |y BK |k ICR | ||